La Niñera - Frases y puntadas de Niles - Estadísticas

Estadísticas generales
  • Esta prueba ha sido intentada 214 veces
  • La puntuación promedio es 13 de 15
Estadísticas de respuestas
Pregunta Respuesta % Correcto
(C.C.) me voy a trabajar... ¿a la esquina de siempre?
92%
(C. C.) - No me mire, yo quise hacer 12 hombres enfadados: con usted hubiera sido muy real
92%
(C. C.) - ¿No tiene nada qué sacudir...? el lado izquierdo de su cama
92%
(C.C.) - este año me alejaré de este lugar lo más posible! oh Santa leyó mi carta
92%
(Maxwell) - Volveré en un momento C.C. ¿podrías comenzar sin mí? si puede, y lo ha hecho
92%
(Niles) - Si me deja decirle esto la Srita Babcock le trabajaré gratis por un año
85%
(C. C.) adoro a los niños, es algo natural, y un don de mujeres... hay hembras que se comen a sus crías....
85%
(C. C.) - Vamos Niles dígamelo o moriré! lo dice pero nunca lo cumple
85%
(C. C.) - dónde guarda su dinero, en su cama...jajaja? no, en la de él
85%
(C. C.) Maxwell quiere estos contratos en Londres en la mañana... si quiere súbase, con la diferencia de horas llegará a tiempo
85%
(Maxwell) - Quiere a alguien bien alto, bien parecido, creativo... también mencionó inútil, vano, y que no colgaría su ropa ni aunque su vida dependiera de ello?
85%
(C. C.) - Si insistes en hacer el evento solo, yo me voy! hasta la vista, nena!
77%
(C. C.) - idiota! (Maxwell) - Creo que esta vez si te atrapó la dejaré disfrutarlo, sus satisfacciones de un hombre son tan poco frecuentes
77%
(Maxwell) - Me ausento 2 segundos y un volcán hace erupción! (C.C.) - Maxwell... ella empezó!
69%
(C. C) - el teatro siempre ha sido una pasión profunda ¿qué será lo que se le ocurra montar después?
69%
No se encontraron pruebas coincidentes
Distribución de puntuación
Porcentaje de gente con cada puntuación
Porcentaje por número respondido
Historial de tus puntuaciones
No has intentado esta prueba.